แสดงรายละเอียดบรรณานุกรม
  กลับหน้าหลัก

Brief Record : Get Marc (ISO 2709) : E-mail record : QR code ปิดหน้าต่าง
LEADER 00000nam 2200000uu 4500
001    207444
003     ULIBM
008    120627s2552||||th 000 0 tha d
040    ^abcnkk.
060  0 วจ WY20.5 พ733ผ 2552
100 0  ^aพิริยากร คล้ายเพ็ชร...[และคนอื่นๆ].
245 00 ^aรายงานการวิจัย เรื่องผลการจัดการเรียนการสอนแบบบูรณาการสอดแทรกคุณธรรมจริยธรรมและการคิดอย่างเป็นระบบ วิชาการพยาบาลบุคคลที่มีปัญหาสุขภาพ 2 หัวข้อ การพยาบาลบุคคลทุกช่วงวัยที่มีการเจริญเติบโตผิดปกติของเซล/^cโดย พิริยากร คล้ายเพ็ชร...[และคนอื่นๆ].
260    ^aขอนแก่น:^bวิทยาลัยพยาบาลบรมราชชนนี ขอนแก่น,^c2552.
300    ^a74 หน้า.
650  0 ^aคุณธรรม,จริยธรรม--^xการศึกษาและการสอน.
650  0 ^aการคิดอย่างเป็นระบบ.
650  0 ^aการพยาบาลบุคคลทุกช่วงวัย.
650  0 ^aวิจัย.
700 0  ^aพิริยากร คล้ายเพ็ชร.
999    ^aใช้งานได้ทุกระบบ
รายการนี้ยังไม่มีแท็ก
คุณยังไม่ได้ล็อกอิน คุณสามารถมีกิจกรรมร่วมกับเว็บไซต์ได้ แต่ต้องล็อกอินก่อน ::
  ล็อกอิน
ลำดับที่ ประเภท เลขเรียก สถานที่ สถานะ
1. งานวิจัย
งานวิจัย
วจ WY20.5 พ733ผ 2552  
  
ชั้นหนังสือวิจัย On Shelf
  ขอยืม
   [แสดง 1/1 รายการ]

รายการใกล้เคียง
    หัวเรื่อง [การคิดอย่างเป็นระบบ.]
    หัวเรื่อง [วิจัย.]

BibComment


ยังไม่เคยถูกคอมเมนท์

คอมเมนท์ทรัพยากรรายการนี้
  คอมเมนท์: รายงานการวิจัย เ..
Bib 207444

 
 
 

 Union Library Management : ULibM
Copyright 2026. All Rights Reserved.
скачать бесплатно без регистрации порно красивый секс HD Sex Hindi sex

xxx gou

xxxx

bfxxx

xxxwww

Секса Видео

xxxx

Секса Видео

detube

geilexxx

C99 Shell

worms shell

blod xxx video
Ebony Coed Rihanna Rimes Takes A Dick In Her Young Twat priyaa indian fuck anal and pusssy hardcore indian women xxx desi hardcore fucking part 1 bengalixxxcouple